000 00919nam a2200229Ia 4500
999 _c51108
_d51108
001 18065
003 GE_BSU
005 20200601141457.0
008 181216s1988||||ge |||||||||||||| ||geo||
040 _cGE_BSU
041 _ageo
080 _a81 ძ-63
100 _aძიძიგური, შ. (შოთა)
_98265
245 _aსიტყვის ცხოვრება /
_cშ. ძიძიგური ; რედ. ს. ცაიშვილი ; მხატვ. სპ. ცინცაძე.
264 _aთბილისი :
_bმერანი,
_c1988.
300 _a340 გვ. ;
_c21 სმ.
653 _aენათმეცნიერება
653 _aსიტყვის ცხოვრება
700 _aცაიშვილი. ს.
_eრედაქტორი
_95572
700 _aცინცაძე, სპ.
_eმხატვარი
_93670
942 _cBK
_2udc